| 000 | 00943nas a2200265 4500 | ||
|---|---|---|---|
| 001 | BR7700011 | ||
| 003 | BR-BrBNA | ||
| 005 | 20231205083025.0 | ||
| 007 | ta | ||
| 008 | 230509b bl.|||p| |||| 00| 00por d | ||
| 040 |
_aBR-BrBNA _bpor _cBiblioteca Nacional de Agricultura |
||
| 041 | _a(Pt) | ||
| 072 | _aF00; F50 | ||
| 100 | 1 | _aCiaramello, D. | |
| 100 | 1 | _aCastro, G.A. de P. | |
| 100 | 1 | _aPetinelli, A. | |
| 111 | 1 |
_a16. Reuniao Anual da Sociedade Brasileira para o Progresso da Ciencia _cRecife, PE (Brazil) _dJul 1974 |
|
| 245 | 1 | _aEstudo comparativo entre especies de agave [Agave sisalana, Agave fourcroydes, Agave amaniensis, Agave letonae, Agave zapure, Agave sisalana marginata, Brasil] | |
| 650 | _aVARIEDADE | ||
| 650 | _aSISAL | ||
| 650 | _aFIBRA VEGETAL | ||
| 773 | 0 |
_tBragantia (Brazil) _xISSN 0006-8705 _g(Jul 1975), v. 34(11) p. 195-201 _wBR7700011 |
|
| 909 |
_a202311 _bLúcia _c55 _dLúcia Elande |
||
| 942 |
_2AGRIS _n0 _cANA |
||
| 999 |
_c95836 _d95836 |
||